000 00306nam a22001337a 4500
008 170612b xxu||||| |||| 00| 0 eng d
020 _a9280810774
041 _aeng
080 _a32
100 _a19
101 _aSHP
245 _aINTERNATIONAL WATERS IN SOUTHERN AFRICA
_cNAKAYAMA, M
942 _2udc
_cBK
999 _c17041
_d17041